Name the Wild Mammals A-Z - Statistics

General Stats
  • This quiz has been taken 97 times
  • The average score is 22 of 25
Answer Stats
Picture Hint Answer % Correct
G Giraffe
100%
C Cheetah
98%
E Elephant
98%
B Baboon
96%
J Jaguar
96%
K Koala
96%
Z Zebra
96%
D Dingo
94%
M Moose
94%
P Polar Bear
94%
S Sloth
94%
Y Yak
94%
F Ferret
92%
O Otter
92%
W Walrus
92%
A Aardvark
90%
H Hippopotamus
90%
L Lynx
90%
N Narwhal
90%
V Vampire bat
88%
R Rhinoceros
85%
T Tapir
81%
I Impala
69%
U Uakari
37%
Q Quoll
33%
No matching quizzes found
Score Distribution
Percent of People with Each Score
Percentile by Number Answered
Your Score History
You have not taken this quiz